<?xml version="1.0" encoding="UTF-8"?>
<record
    xmlns:xsi="http://www.w3.org/2001/XMLSchema-instance"
    xsi:schemaLocation="http://www.loc.gov/MARC21/slim http://www.loc.gov/standards/marcxml/schema/MARC21slim.xsd"
    xmlns="http://www.loc.gov/MARC21/slim">

  <leader>00638nam a22001337a 4500</leader>
  <datafield tag="040" ind1=" " ind2=" ">
    <subfield code="c">RUA</subfield>
  </datafield>
  <datafield tag="082" ind1=" " ind2=" ">
    <subfield code="a">AGR THE 2012 B051Or.1</subfield>
  </datafield>
  <datafield tag="100" ind1=" " ind2=" ">
    <subfield code="a">THEANG, VEASNA.</subfield>
  </datafield>
  <datafield tag="245" ind1=" " ind2=" ">
    <subfield code="a">Study on occurrence of rice parasitic nemathode in tramkok district takeo province &#x1780;&#x17B6;&#x179A;&#x179F;&#x17B7;&#x1780;&#x17D2;&#x179F;&#x17B6;&#x179C;&#x178F;&#x17D2;&#x178A;&#x1798;&#x17B6;&#x1793;&#x178E;&#x17C1;&#x1798;&#x17C9;&#x17B6;&#x178F;&#x17BC;&#x178F;&#x1794;&#x17C6;&#x1795;&#x17D2;&#x179B;&#x17B6;&#x1789;&#x178A;&#x17C6;&#x178E;&#x17B6;&#x17C6;&#x179F;&#x17D2;&#x179A;&#x17BC;&#x179C;&#x1793;&#x17C5;&#x179F;&#x17D2;&#x179A;&#x17BB;&#x1780;&#x178F;&#x17D2;&#x179A;&#x17B6;&#x17C6;&#x1780;&#x1780;&#x17CB; &#x1781;&#x17C1;&#x178F;&#x17D2;&#x178F;&#x178F;&#x17B6;&#x1780;&#x17C2;&#x179C;</subfield>
  </datafield>
  <datafield tag="260" ind1=" " ind2=" ">
    <subfield code="a">Phnom Penh </subfield>
    <subfield code="b">RUA</subfield>
    <subfield code="c">2012</subfield>
  </datafield>
  <datafield tag="300" ind1=" " ind2=" ">
    <subfield code="a">ix; 43p.</subfield>
    <subfield code="b">ill.</subfield>
    <subfield code="c">29cm.</subfield>
  </datafield>
  <datafield tag="856" ind1=" " ind2=" ">
    <subfield code="u">https://drive.google.com/file/d/1r_ns0gRfcgCLddjBoK8nS0imzMiPmyMe/view?usp=sharing</subfield>
  </datafield>
  <datafield tag="942" ind1=" " ind2=" ">
    <subfield code="c">AGR</subfield>
  </datafield>
  <datafield tag="999" ind1=" " ind2=" ">
    <subfield code="c">1173</subfield>
    <subfield code="d">1173</subfield>
  </datafield>
  <datafield tag="952" ind1=" " ind2=" ">
    <subfield code="0">0</subfield>
    <subfield code="1">0</subfield>
    <subfield code="2">ddc</subfield>
    <subfield code="4">0</subfield>
    <subfield code="6">AGR_THE_2012_000000000000000_B051OR_1</subfield>
    <subfield code="7">0</subfield>
    <subfield code="9">4830</subfield>
    <subfield code="a">LBB</subfield>
    <subfield code="b">LBB</subfield>
    <subfield code="c">B051</subfield>
    <subfield code="d">2015-09-24</subfield>
    <subfield code="l">1</subfield>
    <subfield code="o">AGR THE 2012 B051Or.1</subfield>
    <subfield code="p">RUA001038</subfield>
    <subfield code="r">2016-11-11</subfield>
    <subfield code="s">2016-10-17</subfield>
    <subfield code="w">2015-09-24</subfield>
    <subfield code="y">AGR</subfield>
  </datafield>
  <datafield tag="952" ind1=" " ind2=" ">
    <subfield code="0">0</subfield>
    <subfield code="1">0</subfield>
    <subfield code="2">ddc</subfield>
    <subfield code="4">0</subfield>
    <subfield code="6">AGR_THE_2012_000000000000000_B051OR_2</subfield>
    <subfield code="7">0</subfield>
    <subfield code="9">4831</subfield>
    <subfield code="a">LBB</subfield>
    <subfield code="b">LBB</subfield>
    <subfield code="c">B051</subfield>
    <subfield code="d">2015-09-24</subfield>
    <subfield code="o">AGR THE 2012 B051Or.2</subfield>
    <subfield code="p">RUA001039</subfield>
    <subfield code="r">2015-09-24</subfield>
    <subfield code="w">2015-09-24</subfield>
    <subfield code="y">AGR</subfield>
  </datafield>
  <datafield tag="952" ind1=" " ind2=" ">
    <subfield code="0">0</subfield>
    <subfield code="1">0</subfield>
    <subfield code="2">ddc</subfield>
    <subfield code="4">0</subfield>
    <subfield code="6">AGR_THE_2012_000000000000000_B051OR_3</subfield>
    <subfield code="7">0</subfield>
    <subfield code="9">4832</subfield>
    <subfield code="a">LBB</subfield>
    <subfield code="b">LBB</subfield>
    <subfield code="c">B051</subfield>
    <subfield code="d">2015-09-24</subfield>
    <subfield code="o">AGR THE 2012 B051Or.3</subfield>
    <subfield code="p">RUA001040</subfield>
    <subfield code="r">2015-09-24</subfield>
    <subfield code="w">2015-09-24</subfield>
    <subfield code="y">AGR</subfield>
  </datafield>
  <datafield tag="952" ind1=" " ind2=" ">
    <subfield code="0">0</subfield>
    <subfield code="1">0</subfield>
    <subfield code="2">ddc</subfield>
    <subfield code="4">0</subfield>
    <subfield code="6">AGR_THE_2012_000000000000000_B051OR_4</subfield>
    <subfield code="7">0</subfield>
    <subfield code="9">4833</subfield>
    <subfield code="a">LBB</subfield>
    <subfield code="b">LBB</subfield>
    <subfield code="c">B051</subfield>
    <subfield code="d">2015-09-24</subfield>
    <subfield code="l">2</subfield>
    <subfield code="o">AGR THE 2012 B051Or.4</subfield>
    <subfield code="p">RUA001041</subfield>
    <subfield code="r">2023-11-21</subfield>
    <subfield code="s">2023-11-06</subfield>
    <subfield code="w">2015-09-24</subfield>
    <subfield code="y">AGR</subfield>
  </datafield>
  <datafield tag="952" ind1=" " ind2=" ">
    <subfield code="0">0</subfield>
    <subfield code="1">0</subfield>
    <subfield code="2">ddc</subfield>
    <subfield code="4">0</subfield>
    <subfield code="6">AGR_THE_2012_000000000000000_B051OR_5</subfield>
    <subfield code="7">0</subfield>
    <subfield code="9">4834</subfield>
    <subfield code="a">LBB</subfield>
    <subfield code="b">LBB</subfield>
    <subfield code="c">B051</subfield>
    <subfield code="d">2015-09-24</subfield>
    <subfield code="o">AGR THE 2012 B051Or.5</subfield>
    <subfield code="p">RUA001042</subfield>
    <subfield code="r">2015-09-24</subfield>
    <subfield code="w">2015-09-24</subfield>
    <subfield code="y">AGR</subfield>
  </datafield>
  <datafield tag="952" ind1=" " ind2=" ">
    <subfield code="0">0</subfield>
    <subfield code="1">0</subfield>
    <subfield code="2">ddc</subfield>
    <subfield code="4">0</subfield>
    <subfield code="6">AGR_THE_2012_000000000000000_B053_OR_1</subfield>
    <subfield code="7">0</subfield>
    <subfield code="9">6021</subfield>
    <subfield code="a">LBB</subfield>
    <subfield code="b">LBB</subfield>
    <subfield code="c">B053</subfield>
    <subfield code="d">2015-09-28</subfield>
    <subfield code="l">3</subfield>
    <subfield code="o">AGR THE 2012 B053 Or.1</subfield>
    <subfield code="p">RUA005589</subfield>
    <subfield code="r">2018-06-19</subfield>
    <subfield code="s">2018-06-02</subfield>
    <subfield code="w">2015-09-28</subfield>
    <subfield code="y">AGR</subfield>
  </datafield>
  <datafield tag="952" ind1=" " ind2=" ">
    <subfield code="0">0</subfield>
    <subfield code="1">0</subfield>
    <subfield code="2">ddc</subfield>
    <subfield code="4">0</subfield>
    <subfield code="6">AGR_THE_2012_000000000000000_B053_OR_2</subfield>
    <subfield code="7">0</subfield>
    <subfield code="9">6056</subfield>
    <subfield code="a">LBB</subfield>
    <subfield code="b">LBB</subfield>
    <subfield code="c">B053</subfield>
    <subfield code="d">2015-09-28</subfield>
    <subfield code="l">1</subfield>
    <subfield code="o">AGR THE 2012 B053 Or.2</subfield>
    <subfield code="p">RUA004774</subfield>
    <subfield code="r">2017-10-30</subfield>
    <subfield code="s">2017-10-22</subfield>
    <subfield code="w">2015-09-28</subfield>
    <subfield code="y">AGR</subfield>
  </datafield>
  <datafield tag="952" ind1=" " ind2=" ">
    <subfield code="0">0</subfield>
    <subfield code="1">0</subfield>
    <subfield code="2">ddc</subfield>
    <subfield code="4">0</subfield>
    <subfield code="6">AGR_THE_2012_000000000000000_B053_OR_3</subfield>
    <subfield code="7">0</subfield>
    <subfield code="9">6057</subfield>
    <subfield code="a">LBB</subfield>
    <subfield code="b">LBB</subfield>
    <subfield code="c">B053</subfield>
    <subfield code="d">2015-09-28</subfield>
    <subfield code="l">2</subfield>
    <subfield code="o">AGR THE 2012 B053 Or.3</subfield>
    <subfield code="p">RUA005314</subfield>
    <subfield code="r">2021-11-10</subfield>
    <subfield code="s">2021-11-10</subfield>
    <subfield code="w">2015-09-28</subfield>
    <subfield code="y">AGR</subfield>
  </datafield>
</record>
